000 00839cam a22002531 4500
001 sa 68006012
003 DLC
005 20260227112513.0
008 681209s1968 ii 000 0 eng
010 _asa 68006012
025 _aPL480:I-E-9858
040 _aDLC
_cDLC
_dDLC
050 0 0 _aJQ264
_b.A3 1968
082 0 0 _a328.54/05
100 1 _aKaul, M. N.
_q(Maheshwar Nath)
245 1 0 _aPractice & procedure of Parliament,
_bwith particular reference to Lok Sabha
_c[by] M. N. Kaul and S. L. Shakdher. Foreword by Hukam Singh.
250 _a[1st ed.]
260 _aDelhi,
_bMetropolitan Book Co.
_c[1968]
300 _axliii, 1009 p.
_c25 cm.
350 _aRs 55
_a$12.50
610 1 0 _aIndia.
_bParliament.
_bLok Sabha
_xRules and practice.
610 1 0 _aIndia.
_bParliament
_xRules and practice.
700 1 _aShakdher, S. L.,
_d1918-
999 _c81063
_d81063